[Event "Match"]
[Site "www.echecsemail.com"]
[Date "2017.06.14"]
[Round "1"]
[White "Bojan"]
[Black "Ssharp"]
[WhiteElo "1930"]
[BlackElo "2330"]
[Result "0-1"]
[Round "1"]
1.e4 e5
2.Ng1f3 Ng8f6
3.Nf3xe5 d6
4.Ne5f3 Nf6xe4
5.Qd1e2 Qd8e7
6.d3 Ne4f6
7.Bc1g5 Qe7xe2
8.Bf1xe2 Bf8e7
9.Nb1c3 O-O
10.O-O h6
11.Bg5h4 g5
12.Bh4g3 Bc8d7
13.a3 Nb8c6
14.Nc3b5 Ra8c8
15.c3 Rf8e8
16.Rf1e1 a6
17.Nb5d4 Be7f8
18.Nd4xc6 Bd7xc6
19.Nf3d4 Bc6d7
20.f3 Nf6d5
21.Nd4c2 Re8e7
22.Be2f1 Rc8e8
23.Re1xe7 Re8xe7
24.Ra1e1 f5
25.Re1xe7 Bf8xe7
26.Bg3f2 Kg7
27.g3 c5
28.c4 Nd5c7
29.b4 b6
30.d4 Nc7e6
31.Bf1h3 Kg6
32.Bf2e3 Bd7a4
33.d5 Ne6d8
34.Nc2a1 Nd8f7
35.f4 Be7f6
{ resign }
0-1

[Event "Match"]
[Site "www.echecsemail.com"]
[Date "2017.06.14"]
[Round "1"]
[White "Wagner"]
[Black "Azorau"]
[WhiteElo "1870"]
[BlackElo "1810"]
[Result "0-1"]
[Round "1"]
1.d4 e6
2.Ng1f3 Bf8b4
3.c3 Bb4a5
4.b4 Ba5b6
5.h4 a5
6.a4 Qd8e7
7.e3 axb4
8.c4 Bb6a5
9.Bc1d2 Ng8f6
10.Bf1d3 c5
11.e4 cxd4
12.Nf3xd4 e5
13.Nd4b5 O-O
14.O-O Nb8c6
15.f3 Ba5b6
16.Kh1 Nf6h5
17.Bd2e1 Qe7e6
18.g4 Nh5f4
19.Be1f2 Bb6d8
20.Bd3c2 Qe6xc4
21.Nb1d2 Qc4e6
22.Bc2b3 Qe6f6
23.Bf2c5 Qf6xh4
{ resign }
0-1

[Event "Match"]
[Site "www.echecsemail.com"]
[Date "2017.06.14"]
[Round "1"]
[White "Bjonil60"]
[Black "Odrum1"]
[WhiteElo "1450"]
[BlackElo "1310"]
[Result "1-0"]
[Round "1"]
1.Ng1f3 d5
2.d4 Ng8f6
3.h3 Nb8c6
4.a3 Bc8f5
5.g4 Bf5g6
6.e3 e6
7.c3 Bf8d6
8.Qd1e2 O-O
9.Bf1g2 Nf6e4
10.Nb1d2 a6
11.O-O b5
12.b4 Nc6e7
13.Nd2xe4 dxe4
14.Nf3d2  { time }
1-0

[Event "Match"]
[Site "www.echecsemail.com"]
[Date "2017.06.14"]
[Round "1"]
[White "Pdebonis"]
[Black "Yangqi"]
[WhiteElo "2430"]
[BlackElo "2720"]
[Result "1/2-1/2"]
[Round "1"]
1.d4 d5
2.c4 dxc4
3.Ng1f3 b5
4.a4 c6
5.axb5 cxb5
6.e3 Nb8c6
7.b3 e6
8.bxc4 bxc4
9.Bf1xc4 a5
10.O-O Bf8b4
11.Bc1a3 Ng8e7
12.Qd1e2 O-O
13.Nb1d2 Ne7f5
14.Rf1b1 Bc8b7
15.Nd2b3 Nf5d6
16.Nb3c5 Nd6xc4
17.Ba3xb4 Nc6xb4
18.Nc5xb7 Qd8c7
19.Nb7xa5 Nc4xe3
20.Qe2xe3 Ra8xa5
21.Ra1xa5 Qc7xa5
22.Qe3c3 Rf8b8
23.Nf3e1 h6
24.d5 Rb8b5
25.Qc3c8 Kh7
26.dxe6 fxe6
27.Qc8xe6 Rb5e5
28.Qe6c4 Re5e8
29.Ne1f3 Nb4d5
30.g3 Nd5f6
31.Qc4d3 Kg8
32.Rb1b7 Qa5d5
33.Qd3xd5 Nf6xd5
34.Kg2 Re8e4
35.Rb7b5 Nd5f6
36.Nf3e5 Re4a4
37.h4 g5
38.hxg5 hxg5
39.f3 Kh7
40.g4 Ra4d4
41.Rb5b7 Kh6
42.Rb7b6 Kg7
43.Rb6a6 Rd4d5
44.Ne5c4 Nf6e8
45.Kf2 Kf7
46.Ke2 Ne8f6
47.Ke3 Kg7
48.Ra6a7 Kg6
49.Ra7c7 Rd5b5
50.Rc7c6 Kg7
51.Nc4d6 Rb5e5
52.Kf2 Re5a5
53.Kg3 Ra5a3
54.Nd6f5 Kg6
55.Kg2 { draw }
1/2-1/2

[Event "1/128 Finale"]
[Site "www.chess-mail.com"]
[Date "2017.06.14"]
[Round "1"]
[White "Astroboy"]
[Black "Guidom"]
[WhiteElo "2000"]
[BlackElo "2120"]
[Result "1-0"]
[Round "1"]
1.e4 e5
2.f4 exf4
3.Ng1f3 g5
4.h4 g4
5.Nf3e5 h5
6.Bf1c4 Ng8h6
7.d4 d6
8.Ne5d3 Bf8g7
9.Nd3xf4 Nh6g8
10.Nb1c3 c6
11.Bc1e3 b5
12.Bc4d3 Nb8d7
13.Nc3e2 Ng8e7
14.Ne2g3 Nd7f6
15.O-O Ne7g6
16.Nf4xg6 fxg6
17.e5 dxe5
18.Bd3xg6 Ke7
19.dxe5 Nf6d5
20.Be3g5 { resign }
1-0

[Event "Eq:Good team-Slap Shot Mates : "]
[Site "www.chess-mail.com"]
[Date "2017.06.14"]
[Round "1"]
[White "Jaroslavpech"]
[Black "Geodad5"]
[WhiteElo "2140"]
[BlackElo "2140"]
[Result "1-0"]
[Round "1"]
1.d4 d5
2.c4 e6
3.Nb1c3 Ng8f6
4.Bc1g5 Bf8e7
5.e3 O-O
6.Ng1f3 h6
7.Bg5h4 Nb8d7
8.Ra1c1 c6
9.Bf1d3 dxc4
10.Bd3xc4 Nd7b6
11.Bc4d3 Nb6d5
12.O-O Nd5xc3
13.bxc3 Nf6d5
14.Bh4xe7 Nd5xe7
15.Bd3b1 b6
16.Qd1d3 Bc8b7
17.Qd3h7 { resign }
1-0

[Event "Tourn. n9381"]
[Site "www.chess-mail.com"]
[Date "2017.06.15"]
[Round "1"]
[White "Passaroa25"]
[Black "Astroboy"]
[WhiteElo "1630"]
[BlackElo "1499"]
[Result "0-1"]
[Round "1"]
1.e4 c5
2.c3 Ng8f6
3.f3 e5
4.d3 d5
5.Nb1d2 Nb8c6
6.Ng1e2 Bc8e6
7.Ne2g3 Qd8d7
8.Bf1e2 Bf8d6
9.Ng3f5 Be6xf5
10.exf5 Qd7xf5
11.Nd2b1 O-O
12.Nb1d2 Ra8e8
13.O-O Qf5g6
14.g4 Nf6h5
15.Kf2 Nh5f4
16.Rf1g1 Nf4h3
17.Kg2 Nh3xg1
18.Kxg1 f5
19.Qd1f1 fxg4
20.Qf1g2 c4
21.h4 cxd3
22.Be2d1 e4
23.Nd2b3 exf3
24.Bd1xf3 Rf8xf3
25.Bc1g5 h6
26.Nb3d2 Rf3g3
{ resign }
0-1

[Event "Tourn. n9411"]
[Site "www.chess-mail.com"]
[Date "2017.06.15"]
[Round "1"]
[White "Claymil"]
[Black "Astroboy"]
[WhiteElo "2070"]
[BlackElo "2030"]
[Result "0-1"]
[Round "1"]
1.c4 e5
2.Nb1c3 Nb8c6
3.g3 f5
4.Bf1g2 Ng8f6
5.e3 g6
6.Ng1e2 Bf8g7
7.d4 e4
8.O-O O-O
9.a3 d5
10.cxd5 Nf6xd5
11.Nc3xd5 Qd8xd5
12.Ne2f4 Qd5f7
13.b4 Nc6e7
14.Qd1c2 c6
15.Bc1b2 Ne7d5
16.Rf1d1 Nd5xf4
17.exf4 Bc8e6
18.Rd1d2 Ra8d8
19.Ra1d1 Be6b3
20.Qc2c3 Bb3xd1
21.Rd2xd1 Rd8d7
22.Bg2f1 Kh8
23.Bf1c4 Qf7f6
24.Qc3c2 Rf8d8
25.Qc2b3 Qf6e7
26.Bc4e2 Bg7xd4
27.Bb2xd4 Rd7xd4
28.Qb3c3 Qe7g7
29.Rd1c1 Rd4d2
30.Qc3c4 b5
31.Qc4xc6 Rd2xe2
32.Qc6xb5 Re2xf2
33.Kxf2 Qg7b2
{ resign }
0-1

[Event "Tourn. n9398"]
[Site "www.chess-mail.com"]
[Date "2017.06.15"]
[Round "1"]
[White "Pachi"]
[Black "Asibicho"]
[WhiteElo "1610"]
[BlackElo "1760"]
[Result "0-1"]
[Round "1"]
1.d4 Ng8f6
2.f3 d5
3.e4 dxe4
4.d5 exf3
5.Qd1xf3 Nf6xd5
6.Bf1c4 Nd5f6
7.Ng1h3 Bc8xh3
8.Qf3xh3 e6
9.Bc1g5 Bf8e7
10.Rh1f1 Qd8d4
11.Bg5xf6 Be7xf6
12.Qh3b3 Qd4xb2
13.Qb3a4 Nb8c6
14.Nb1d2 Qb2xa1
15.Ke2 Qa1e5
16.Kd1 O-O
17.Qa4b3 Ra8b8
18.a4 Nc6a5
19.Qb3b4 Na5xc4
20.Qb4xc4 Rf8d8
21.Rf1f2 Bf6g5
22.Rf2e2 Qe5a1
{ resign }
0-1

[Event "Tourn. n9416"]
[Site "www.chess-mail.com"]
[Date "2017.06.15"]
[Round "1"]
[White "Astroboy"]
[Black "Guidom"]
[WhiteElo "2000"]
[BlackElo "2120"]
[Result "1-0"]
[Round "1"]
1.c4 c5
2.g3 Nb8c6
3.Bf1g2 g6
4.Nb1c3 Bf8g7
5.e3 d6
6.Ng1e2 Ng8f6
7.O-O O-O
8.d4 cxd4
9.exd4 Bc8d7
10.d5 Nc6e5
11.b3 Bd7g4
12.h3 Bg4c8
13.Ne2d4 a6
14.Bc1e3 Ne5d7
15.Rf1e1 Nd7c5
16.b4 Nc5d7
17.Qd1b3 Nf6e8
18.Ra1d1 f5
19.Nd4e6 Nd7e5
20.Ne6xd8 { resign }
1-0

[Event "Tourn. n9342"]
[Site "www.chess-mail.com"]
[Date "2017.06.15"]
[Round "1"]
[White "Pdebonis"]
[Black "Ssharp"]
[WhiteElo "2650"]
[BlackElo "2310"]
[Result "1-0"]
[Round "1"]
1.d4 Ng8f6
2.c4 e5
3.dxe5 Nf6g4
4.Bc1f4 Bf8b4
5.Nb1d2 Nb8c6
6.Ng1f3 Qd8e7
7.e3 Ng4xe5
8.Bf1e2 d6
9.O-O Bb4xd2
10.Qd1xd2 b6
11.b4 Bc8b7
12.Qd2c3 Ne5xf3
13.Be2xf3 O-O
14.c5 dxc5
15.bxc5 Nc6a5
16.c6 Bb7a6
17.Rf1d1 Ba6c8
18.Qc3e5 Qe7xe5
19.Bf4xe5 Bc8e6
20.Be5xc7 Ra8c8
21.Bc7d6 Rf8e8
22.c7 f6
23.Ra1c1 Kf7
24.Bf3h5 g6
25.Bh5e2 Be6xa2
26.Bd6b4 Na5b3
27.Rd1d7 Kg8
28.Be2c4 Kh8
29.Bb4c3 Re8f8
30.Rc1d1 { resign }
1-0

[Event "Tourn. n9373"]
[Site "www.chess-mail.com"]
[Date "2017.06.15"]
[Round "1"]
[White "Falcoale"]
[Black "Bojan"]
[WhiteElo "1990"]
[BlackElo "1980"]
[Result "1-0"]
[Round "1"]
1.e4 e5
2.Ng1f3 d6
3.Bf1c4 h6
4.O-O a6
5.a3 Qd8f6
6.Nb1c3 Ng8e7
7.h3 Ne7g6
8.Nc3d5 Qf6d8
9.d4 Bc8e6
10.Bc1d2 c6
11.Nd5e3 exd4
12.Nf3xd4 Be6xc4
13.Ne3xc4 Nb8d7
14.f4 c5
15.Nd4f5 Bf8e7
16.Nf5xg7 Kf8
17.Ng7f5 Nd7b6
18.Bd2a5 Qd8d7
19.Nc4xb6 Qd7b5
20.Nf5xe7 Kxe7
21.Nb6d5 Kf8
22.Ba5c3 Rh8g8
23.Nd5f6 Qb5c6
24.f5 Rg8g7
25.fxg6 Rg7xg6
26.Qd1f3 Ke7
27.Nf6d5 { resign }
1-0

[Event "Tourn. n9352"]
[Site "www.chess-mail.com"]
[Date "2017.06.15"]
[Round "1"]
[White "Faerieking"]
[Black "Obisporey"]
[WhiteElo "2260"]
[BlackElo "2620"]
[Result "0-1"]
[Round "1"]
1.e4 c5
2.Ng1f3 d6
3.d4 cxd4
4.Nf3xd4 Ng8f6
5.Nb1c3 a6
6.Bc1g5 e6
7.f4 Qd8c7
8.Qd1e2 Nb8d7
9.O-O-O Bf8e7
10.g4 b5
11.a3 Bc8b7
12.f5 e5
13.Bg5xf6 Nd7xf6
14.Nd4b3 g5
15.h4 Rh8g8
16.h5 O-O-O
17.Bf1g2 Kb8
18.Rh1h3 Rd8c8
19.Rh3d3 Qc7b6
20.Kb1 Rc8c7
21.Bg2f3 Rg8c8
22.Rd1d2 a5
23.Nc3d5 Nf6xd5
24.exd5 Be7d8
25.Qe2g2 Bb7a6
26.Nb3c1 b4
{ resign }
0-1

[Event "Tourn. n9391"]
[Site "www.chess-mail.com"]
[Date "2017.06.15"]
[Round "1"]
[White "Estonia"]
[Black "Cjood"]
[WhiteElo "2030"]
[BlackElo "2000"]
[Result "1-0"]
[Round "1"]
1.d4 Ng8f6
2.c4 c6
3.Nb1c3 e6
4.Ng1f3 d6
5.Bc1g5 Bf8e7
6.e3 h6
7.Bg5xf6 Be7xf6
8.Bf1d3 Bc8d7
9.O-O O-O
10.Bd3c2 b6
11.Qd1d3 g6
12.e4 Bf6e7
13.e5 dxe5
14.Nf3xe5 f5
15.Ne5xg6 Rf8f6
16.Qd3g3 Kh7
17.Ng6e5 Be7d6
18.Qg3d3 Bd6e7
19.Ra1d1 Be7d6
20.f4 Qd8g8
21.Rf1f3 Bd7e8
22.Rf3g3 Be8g6
23.Qd3f3 Bd6xe5
24.dxe5 Rf6f7
25.Rd1d6 Rf7g7
26.Bc2b3 Qg8e8
27.c5 b5
28.Rd6xe6 Qe8d8
29.Re6d6 Qd8e7
30.Qf3d1 Nb8a6
31.Rd6xc6 Na6xc5
32.Nc3xb5 a6
33.Nb5d6 Nc5xb3
34.Qd1xb3 Qe7d7
35.Rc6b6 Qd7a7
36.Kh1 Qa7c7
37.Rg3c3 Qc7a7
38.a4 Bg6h5
39.h3 Ra8g8
40.Nd6xf5 Bh5f7
41.e6 Rg7xg2
42.Nf5h4 Rg2g1
43.Kh2 Qa7e7
44.Qb3c2 Bf7g6
45.Nh4xg6 Rg8xg6
46.f5 Rg6g5
47.f6 { resign }
1-0

[Event "Tourn. n9399"]
[Site "www.chess-mail.com"]
[Date "2017.06.15"]
[Round "1"]
[White "Amaya"]
[Black "Astroboy"]
[WhiteElo "2020"]
[BlackElo "2079"]
[Result "0-1"]
[Round "1"]
1.d4 Ng8f6
2.e3 g6
3.Bf1d3 Bf8g7
4.Nb1d2 O-O
5.f4 d6
6.Ng1f3 c5
7.c3 Nb8d7
8.O-O Qd8c7
9.a3 a6
10.b4 b5
11.Qd1e2 e5
12.fxe5 dxe5
13.Nd2e4 exd4
14.exd4 cxd4
15.cxd4 Bc8b7
16.Nf3e5 Nd7xe5
17.Ne4xf6 Bg7xf6
18.Rf1xf6 Qc7c3
19.Qe2xe5 Rf8e8
20.Qe5g3 Qc3xa1
21.Qg3f4 Re8e1
22.Kf2 Re1xc1
23.Rf6xf7 Qa1b2
24.Bd3e2 Ra8e8
25.Kg3 Qb2xe2
{ resign }
0-1

[Event "Tourn. n9348"]
[Site "www.chess-mail.com"]
[Date "2017.06.15"]
[Round "1"]
[White "Claymil"]
[Black "Andychesston"]
[WhiteElo "2070"]
[BlackElo "1970"]
[Result "0-1"]
[Round "1"]
1.c4 e5
2.Nb1c3 Ng8f6
3.g3 d5
4.cxd5 Nf6xd5
5.Bf1g2 Bc8e6
6.a3 c6
7.Qd1c2 g6
8.e3 Bf8g7
9.Ng1e2 Nd5xc3
10.bxc3 Be6g4
11.d4 Bg4f5
12.e4 Bf5g4
13.f3 Bg4e6
14.O-O Be6c4
15.Rf1e1 Bc4xe2
16.Qc2xe2 exd4
17.Re1d1 Qd8b6
18.Kh1 c5
19.cxd4 Bg7xd4
20.Ra1a2 Nb8c6
21.Qe2c4 Nc6e5
22.Qc4a4 Qb6c6
23.Qa4b3 c4
24.Qb3c2 Ra8d8
25.f4 Ne5d3
26.Rd1f1 Qc6c5
27.e5 Nd3f2
28.Rf1xf2 Bd4xf2
29.Qc2xf2 Rd8d1
30.Bg2f1 Qc5xf2
31.Ra2xf2 Rd1xc1
32.Kg2 O-O
33.h4 Rf8d8
34.a4 Rd8d5
35.Rf2b2 b6
36.Bf1e2 Rd5a5
37.Rb2b4 Rc1c2
38.Kf3 c3
39.Be2d3 Rc2d2
40.Bd3b5 c2
41.Rb4c4 a6
42.Bb5c6 Ra5c5
{ resign }
0-1

[Event "Tourn. n9256"]
[Site "www.chess-mail.com"]
[Date "2017.06.15"]
[Round "1"]
[White "Roque1"]
[Black "Picifarkinca"]
[WhiteElo "1830"]
[BlackElo "1900"]
[Result "0-1"]
[Round "1"]
1.e4 g6
2.d4 Bf8g7
3.Ng1f3 c5
4.Bf1b5 Qd8a5
5.Nb1c3 a6
6.Bb5c4 e6
7.e5 Nb8c6
8.Bc1e3 Ng8e7
9.O-O cxd4
10.Nf3xd4 Nc6xd4
11.Be3xd4 Ne7c6
12.f4 Qa5b4
13.b3 Nc6xd4
14.Qd1xd4 d5
15.a3 Qb4e7
16.Bc4d3 O-O
17.Rf1f3 b5
18.a4 b4
19.Nc3e2 Qe7a7
20.Ra1f1 Bc8d7
21.Kh1 Qa7xd4
22.Ne2xd4 Rf8c8
23.h3 Rc8c3
24.Nd4e2 Rc3c5
25.g4 a5
26.Kg2 f6
27.exf6 Bg7xf6
28.f5 gxf5
29.gxf5 e5
30.Rf3g3 Kf7
31.Ne2g1 e4
32.Bd3e2 Rc5xc2
33.Rf1d1 d4
34.Kf1 Bd7xf5
35.Be2c4 Rc2xc4
36.bxc4 Ra8c8
37.Rd1c1 Rc8c5
38.Kf2 Bf5e6
39.Ng1e2 Rc5xc4
40.Rc1xc4 Be6xc4
41.Rg3g4 e3
42.Kf3 Bc4d5
43.Kf4 b3
44.Rg4g1 d3
45.Ne2c1 d2
46.Nc1e2 b2
47.Kxe3 Bd5a2
48.Kxd2 b1Q
49.Rg1xb1 Ba2xb1
50.Ke3 Bb1f5
51.Ne2g1 Bf5d7
52.Kd3 Bd7xa4
53.Kc4 Ba4d1
54.Kd3 a4
55.Kd2 a3
56.Kxd1 a2
57.Ng1e2 a1Q
58.Ne2c1 Bf6g5
59.h4 Qa1xc1
60.Ke2 Qc1e3
61.Kf1 Bg5d8
62.h5 Bd8b6
63.Kg2 Qe3f2
64.Kh3 Qf2g1
65.h6 Qg1g6
66.Kh4 Bb6f2
67.Kh3 Qg6g3

0-1

[Event "Tourn. n9399"]
[Site "www.chess-mail.com"]
[Date "2017.06.15"]
[Round "1"]
[White "Motorhead99"]
[Black "Astroboy"]
[WhiteElo "1930"]
[BlackElo "2079"]
[Result "0-1"]
[Round "1"]
1.d4 Ng8f6
2.e3 c5
3.f4 g6
4.c3 b6
5.Bf1d3 Bf8g7
6.Nb1d2 Bc8b7
7.Ng1f3 d6
8.O-O Nb8d7
9.Rf1e1 Qd8c7
10.e4 e5
11.fxe5 dxe5
12.d5 O-O
13.c4 Nf6e8
14.b3 Ne8d6
15.Nd2f1 Ra8e8
16.Nf1g3 f5
17.Qd1e2 f4
18.Ng3f1 h6
19.Bc1b2 g5
20.h3 Qc7d8
21.Nf1h2 Bg7f6
22.Nh2g4 Bf6g7
23.Bd3c2 h5
24.Ng4f2 Qd8f6
25.a4 Bg7h6
26.a5 Qf6g7
27.axb6 axb6
28.Kh1 Re8e7
29.Ra1a7 Rf8e8
30.Nf3d2 Nd7f6
31.Re1a1 g4
32.hxg4 hxg4
33.Ra1g1 Qg7h8
{ resign }
0-1

[Event "Match"]
[Site "www.echecsemail.com"]
[Date "2017.06.15"]
[Round "1"]
[White "Juodivarnai"]
[Black "Guidom"]
[WhiteElo "2130"]
[BlackElo "2120"]
[Result "0-1"]
[Round "1"]
1.e4 e5
2.Ng1f3 Nb8c6
3.Bf1b5 a6
4.Bb5a4 Ng8f6
5.O-O d6
6.d4 exd4
7.Nf3xd4 Bc8d7
8.Nb1c3 Bf8e7
9.Nd4xc6 bxc6
10.Bc1g5 O-O
11.Rf1e1 Ra8b8
12.Ra1b1 h6
13.Bg5h4 c5
14.Ba4b3 Bd7e6
15.Bb3d5 Nf6xd5
16.exd5 Be7xh4
17.dxe6 fxe6
18.Re1xe6 Bh4xf2
19.Kh1 Qd8h4
20.Qd1e2 Bf2g3
21.h3 Bg3e5
22.Nc3e4 Rf8f4
23.Re6g6 Rf4xe4
{ resign }
0-1

[Event "Match"]
[Site "www.echecsemail.com"]
[Date "2017.06.15"]
[Round "1"]
[White "Cjood"]
[Black "Llord"]
[WhiteElo "1870"]
[BlackElo "1940"]
[Result "1-0"]
[Round "1"]
1.e4 e5
2.Ng1f3 Nb8c6
3.Bf1c4 h6
4.d4 exd4
5.Nf3xd4 Nc6xd4
6.Qd1xd4 Qd8f6
7.Qd4xf6 Ng8xf6
8.e5 Nf6g4
9.Bc1f4 Bf8c5
10.O-O O-O
11.h3 Ng4xf2
12.Rf1xf2 Rf8e8
13.Nb1c3 d6
14.exd6 cxd6
15.Bf4xd6 Bc5xd6
16.Bc4xf7 Kf8
17.Bf7xe8 Kxe8
18.Ra1e1 Kd7
19.Rf2f7 Kc6
20.Rf7xg7 Bd6f4
21.Rg7g6 Kc5
22.a3 Bc8f5
23.Rg6f6 { resign }
1-0

[Event "Match"]
[Site "www.echecsemail.com"]
[Date "2017.06.15"]
[Round "1"]
[White "Guidom"]
[Black "Cjood"]
[WhiteElo "2110"]
[BlackElo "1870"]
[Result "1-0"]
[Round "1"]
1.e4 c6
2.d4 d5
3.exd5 cxd5
4.Ng1f3 g6
5.c3 a6
6.Bf1d3 Bf8g7
7.O-O Nb8c6
8.Bc1f4 Bc8g4
9.Nb1d2 e5
10.dxe5 Nc6xe5
11.Bf4xe5 Bg7xe5
12.Qd1e1 f6
13.Nf3xe5 Bg4e6
14.Ne5xg6 hxg6
15.Qe1xe6 Qd8e7
16.Bd3xg6 Kd8
17.Qe6xd5 { resign }
1-0

[Event "Match"]
[Site "www.echecsemail.com"]
[Date "2017.06.15"]
[Round "1"]
[White "Passaroa25"]
[Black "Claymil"]
[WhiteElo "1640"]
[BlackElo "2070"]
[Result "0-1"]
[Round "1"]
1.f3 d5
2.c3 e5
3.e3 g6
4.Ng1e2 Bf8g7
5.Ne2g3 a6
6.Bf1e2 Ng8e7
7.d3 c5
8.Nb1d2 Nb8c6
9.O-O O-O
10.Nd2b3 b6
11.Bc1d2 Bc8b7
12.Qd1c2 Ra8c8
13.a3 Qd8d7
14.Ra1e1 Rf8e8
15.e4 d4
16.Nb3c1 b5
17.Nc1b3 Qd7d6
18.Nb3c1 Nc6a5
19.Nc1a2 Qd6e6
20.Qc2b1 Na5b3
21.Re1d1 Nb3xd2
22.Rd1xd2 f5
23.c4 bxc4
24.dxc4 f4
25.Ng3h1 h5
26.Nh1f2 g5
27.Nf2d3 g4
28.b3 Ne7g6
29.a4 Kf7
30.Qb1e1 Re8g8
31.h4 g3
32.Nd3xf4 exf4
33.b4 Qe6f6
34.bxc5 Rc8xc5
35.Qe1b1 Rg8b8
36.Rf1c1 Qf6xh4
37.Na2b4 Qh4h2
{ resign }
0-1

[Event "Match"]
[Site "www.echecsemail.com"]
[Date "2017.06.15"]
[Round "1"]
[White "Paco"]
[Black "Raulazo"]
[WhiteElo "1920"]
[BlackElo "1830"]
[Result "1-0"]
[Round "1"]
1.e4 e5
2.Ng1f3 Nb8c6
3.Bf1c4 h6
4.O-O Ng8f6
5.d3 a6
6.Nb1c3 Bf8b4
7.Nc3d5 Bb4d6
8.Bc1d2 b5
9.Bc4b3 O-O
10.c3 Bc8b7
11.d4 Nf6xe4
12.dxe5 Bd6xe5
13.Nf3xe5 Nc6xe5
14.Rf1e1 Qd8h4
15.g3 Qh4h3
16.Re1xe4 Bb7xd5
17.Bb3xd5 Ra8e8
18.Re4h4 Qh3f5
19.a4 Ne5f3
20.Bd5xf3 c6
21.Bf3g4 Qf5d5
22.Bg4f3 Qd5e6
23.Qd1c1 Qe6b3
24.Bd2xh6 Qb3e6
25.Qc1g5 Qe6g6
26.Qg5xg6 fxg6
27.Bh6xg7 Kxg7
28.Bf3g2 Re8e6
29.axb5 axb5
30.Bg2h3 Re6e7
31.Ra1a7 Re7f7
32.Ra7xd7 g5
33.Rh4d4 Kg8
34.Bh3e6 c5
35.Rd4g4 Kg7
36.Rd7xf7 Rf8xf7
37.Be6xf7 Kxf7
38.Rg4xg5 b4
39.Rg5xc5 bxc3
40.bxc3 { resign }
1-0

[Event "Match"]
[Site "www.echecsemail.com"]
[Date "2017.06.15"]
[Round "1"]
[White "Whitekknight"]
[Black "Cjood"]
[WhiteElo "1960"]
[BlackElo "1920"]
[Result "0-1"]
[Round "1"]
1.d4 e6
2.e4 d5
3.exd5 exd5
4.Bf1e2 c5
5.dxc5 Bf8xc5
6.Ng1f3 Nb8c6
7.Nb1c3 Ng8f6
8.O-O Bc8f5
9.h3 Nc6b4
10.Be2d3 Qd8c8
11.Rf1e1 Kf8
12.a3 Nb4xd3
13.cxd3 Bf5xh3
14.Bc1g5 Qc8g4
15.Kf1 Bh3xg2
{ resign }
0-1

[Event "Match"]
[Site "www.echecsemail.com"]
[Date "2017.06.15"]
[Round "1"]
[White "Mitja"]
[Black "Bojan"]
[WhiteElo "2110"]
[BlackElo "1950"]
[Result "0-1"]
[Round "1"]
1.d4 g6
2.e3 Bf8g7
3.c3 d5
4.h3 c6
5.Nb1d2 Nb8d7
6.Nd2b3 b6
7.Bf1e2 e5
8.dxe5 Nd7xe5
9.Ng1f3 Bc8f5
10.Nf3xe5 Bg7xe5
11.Nb3d4 Bf5d7
12.Be2g4 f5
13.Bg4e2 Ng8f6
14.Nd4f3 Be5c7
15.b3 Qd8e7
16.Bc1b2 h6
17.Qd1c2 Bc7d6
18.a4 a5
19.c4 O-O
20.O-O Bd6b4
21.Nf3e5 Bd7e8
22.cxd5 cxd5
23.Be2b5 Be8xb5
24.Ne5xg6 Qe7g7
25.Ng6xf8 Bb5xf1
26.Kxf1 Ra8xf8
27.Qc2c6 Bb4c5
28.Ra1d1 Qg7f7
29.Bb2xf6 Qf7xf6
30.Qc6xd5 Kh7
31.Qd5b7 Rf8f7
32.Rd1d7 Rf7xd7
33.Qb7xd7 Kg6
34.Qd7e8 Qf6f7
35.Qe8c6 Kg7
36.b4 axb4
37.Qc6b5 Qf7c7
38.Kg1 Bc5d6
39.g3 Bd6e7
40.Qb5xf5 Qc7c6
41.Qf5g4 Kf7
42.Qg4f4 Ke8
43.Qf4b8 Kd7
44.Qb8a7 Qc6c7
45.Qa7a6 Kc6
46.Qa6b5 Kb7
47.a5 Qc7c5
48.Qb5d7 Ka6
49.axb6 Kxb6
50.Qd7e6 Kb5
51.Qe6xh6 b3
52.Qh6e6 Kb4
53.Qe6e4 Ka3
54.Qe4a8 Kb2
55.Qa8a6 Qc5c2
56.h4 Be7a3
57.h5 Ba3b4
58.h6 Bb4c3
59.g4 Kc1
60.h7 b2
61.Qa6a1 bxa1Q
62.Kg2 Qa1a8
{ resign }
0-1

[Event "Match"]
[Site "www.echecsemail.com"]
[Date "2017.06.15"]
[Round "1"]
[White "Motorhead99"]
[Black "Ledzepp"]
[WhiteElo "1930"]
[BlackElo "1660"]
[Result "1-0"]
[Round "1"]
1.d4 d5
2.e3 Ng8f6
3.Bf1d3 Bc8g4
4.Ng1e2 e6
5.f3 Bg4f5
6.O-O Bf8d6
7.c4 Nf6h5
8.g4 Bf5xd3
9.Qd1xd3 Qd8h4
10.Rf1f2 Nh5f6
11.c5 Bd6e7
12.Ne2g3 O-O
13.Nb1c3 Nb8d7
14.b4 c6
15.b5 cxb5
16.Nc3xb5 e5
17.Ng3f5 Nf6xg4
18.fxg4 Qh4xg4
19.Nf5g3 e4
20.Qd3f1 a6
21.Nb5d6 b5
22.Nd6f5 Be7f6
23.Rf2f4 Qg4g5
24.Qf1g2 Nd7xc5
25.h3 Nc5d3
26.Rf4g4 Nd3e1
27.Qg2e2 Ne1f3
28.Kh1 Nf3xd4
29.exd4 Bf6xd4
30.Bc1xg5 Bd4xa1
31.Qe2d1 Ba1e5
32.Qd1xd5 Be5c7
33.Nf5h6 Kh8
34.Nh6xf7 Kg8
35.Nf7h6 Kh8
36.Qd5g8 Rf8xg8
37.Nh6f7 
1-0

[Event "1/128 Finale"]
[Site "www.chess-mail.com"]
[Date "2017.06.15"]
[Round "1"]
[White "Omaciej"]
[Black "Emmanuel69"]
[WhiteElo "1319"]
[BlackElo "1840"]
[Result "0-1"]
[Round "1"]
1.d4 d5
2.c4 c6
3.Ng1f3 e6
4.Nb1c3 Ng8f6
5.Bc1g5 Nb8d7
6.e3 Bf8e7
7.Qd1c2 h6
8.Bg5h4 O-O
9.Bf1e2 Rf8e8
10.O-O dxc4
11.Be2xc4 Nf6d5
12.Bh4xe7 Qd8xe7
13.Nc3xd5 exd5
14.Bc4d3 Nd7f6
15.Nf3e5 Nf6d7
16.Ne5xd7 Bc8xd7
17.Ra1c1 g6
18.a3 Kg7
19.b4 a6
20.Qc2c5 Qe7xc5
21.bxc5 f5
22.Rc1b1 Ra8b8
23.a4 Kf6
24.a5 Bd7e6
25.Rb1b6 Be6c8
26.Bd3xa6 Rb8a8
27.Ba6xb7 Bc8xb7
28.Rb6xb7 Ra8xa5
29.Rb7c7 Re8e6
30.g3 Ra5a6
31.Rf1b1 Re6e7
32.Rc7xe7 Kxe7
33.Rb1b7 Ke6
34.Rb7h7 h5
35.Rh7g7 Kf6
36.Rg7b7 Ra6a1
37.Kg2 Ke6
38.Rb7g7 Kf6
39.Rg7d7 Ra1a6
40.Rd7b7 Ra6a8
41.Rb7d7 Ra8a6
42.Rd7d6 Kf7
43.Rd6d7 Ke6
44.Rd7d6 Kf7
45.Kf3 g5
46.Rd6h6 Kg7
47.Rh6xh5 Kg6
48.Rh5h8 Kg7
49.Rh8d8 Kf7
50.h4 gxh4
51.gxh4 Kg6
 { time }
0-1

[Event "Tourn. n9378"]
[Site "www.chess-mail.com"]
[Date "2017.06.16"]
[Round "1"]
[White "Jackbauer"]
[Black "Motorhead99"]
[WhiteElo "1890"]
[BlackElo "1770"]
[Result "0-1"]
[Round "1"]
1.e4 d6
2.f4 Nb8d7
3.Nb1c3 c6
4.Ng1f3 Ng8f6
5.Bf1c4 b5
6.Bc4b3 e5
7.Nc3e2 h6
8.d3 a5
9.O-O a4
10.Bb3xf7 Kxf7
11.a3 Qd8b6
12.Kh1 Ke8
13.Ne2g3 Bf8e7
14.Rf1e1 g5
15.fxg5 hxg5
16.Nf3xg5 Qb6f2
17.Bc1e3 Qf2xg3
18.h3 Nf6g4
19.Qd1xg4 Qg3xg4
20.Kg1 Qg4g3
21.Ng5f3 Rh8xh3
22.Re1e2 Nd7c5
23.Be3f2 Qg3g8
24.Bf2e3 Rh3xf3
{ resign }
0-1

[Event "Tourn. n9384"]
[Site "www.chess-mail.com"]
[Date "2017.06.16"]
[Round "1"]
[White "Cjood"]
[Black "Luban"]
[WhiteElo "1970"]
[BlackElo "2100"]
[Result "1-0"]
[Round "1"]
1.g3 d5
2.d4 e6
3.Ng1f3 c5
4.dxc5 Bf8xc5
5.Bf1g2 h6
6.b3 Ng8f6
7.Bc1b2 Nb8c6
8.e3 a6
9.Nb1c3 O-O
10.Ra1b1 b5
11.O-O Bc8b7
12.Qd1e2 Bc5e7
13.Rf1d1 Qd8c7
14.Rd1d2 Rf8d8
15.Rb1d1 Nc6a7
16.Nc3b1 b4
17.Nf3d4 Na7c6
18.Bg2h3 a5
19.Nd4b5 Qc7b6
20.Bh3f1 Bb7a6
21.Bb2d4 Qb6b7
22.c4 bxc3
23.Nb1xc3 Be7b4
24.Bd4xf6 gxf6
25.Qe2g4 Kh7
26.Rd2c2 Bb4xc3
27.Nb5xc3 Nc6e5
28.Qg4h5 d4
29.exd4 Ne5f3
30.Kh1 Ba6xf1
31.d5 Nf3g5
32.f4 exd5
33.Rd1xf1 d4
34.Kg1 Ng5e4
35.Nc3xe4 Qb7xe4
36.Qh5xf7 Kh8
37.Qf7xf6 Kg8
38.Rc2c7 Qe4e3
39.Rf1f2 Qe3e1
40.Kg2 Qe1e4
41.Kh3 { resign }
1-0

[Event "Tourn. n9335"]
[Site "www.chess-mail.com"]
[Date "2017.06.16"]
[Round "1"]
[White "Bronstein70"]
[Black "Pdebonis"]
[WhiteElo "2440"]
[BlackElo "2640"]
[Result "0-1"]
[Round "1"]
1.e4 c5
2.f4 d5
3.exd5 Ng8f6
4.c4 e6
5.b3 exd5
6.Ng1f3 d4
7.Bf1d3 Bf8e7
8.O-O Nb8c6
9.Nf3e5 Nc6xe5
10.fxe5 Nf6g4
11.Bd3e4 Ng4xe5
12.Qd1h5 Be7d6
13.h3 g6
14.Qh5h6 Bd6f8
15.Qh6f4 Qd8e7
16.Nb1a3 Bf8g7
17.Bc1b2 f5
18.Be4d5 Bc8e6
19.Bd5xe6 Qe7xe6
20.Na3b5 Qe6e7
21.Ra1e1 O-O
22.Bb2a3 b6
23.Re1e2 g5
24.Qf4h2 Ra8d8
25.Ba3c1 f4
26.d3 Qe7f7
27.Re2d2 a6
28.Nb5a3 Qf7g6
29.h4 Ne5xd3
30.hxg5 Nd3xc1
31.Rf1xc1 Qg6xg5
32.Rc1f1 f3
{ resign }
0-1

[Event "Tourn. n9387"]
[Site "www.chess-mail.com"]
[Date "2017.06.16"]
[Round "1"]
[White "Picifarkinca"]
[Black "Falcoale"]
[WhiteElo "2020"]
[BlackElo "2040"]
[Result "1-0"]
[Round "1"]
1.e4 c5
2.b4 cxb4
3.a3 e6
4.c4 bxa3
5.d4 b6
6.d5 exd5
7.cxd5 d6
8.Bc1xa3 Bc8a6
9.Bf1xa6 Nb8xa6
10.Qd1a4 Ke7
11.Qa4xa6 Ke8
12.Ng1f3 Ng8f6
13.Nb1d2 Bf8e7
14.Ra1c1 Nf6d7
15.Nf3d4 Kf8
16.Nd4c6 Qd8e8
17.O-O f6
18.f4 Kf7
19.Nc6xe7 Qe8xe7
20.e5 dxe5
21.Ba3xe7 { resign }
1-0

[Event "Tourn. n9408"]
[Site "www.chess-mail.com"]
[Date "2017.06.16"]
[Round "1"]
[White "Astroboy"]
[Black "Claymil"]
[WhiteElo "2079"]
[BlackElo "2070"]
[Result "1/2-1/2"]
[Round "1"]
1.e4 c5
2.Nb1c3 Nb8c6
3.f4 g6
4.Ng1f3 Bf8g7
5.Bf1c4 a6
6.a4 b6
7.d3 e6
8.O-O Ng8e7
9.Bc1e3 d5
10.d4 dxc4
11.dxc5 Nc6a5
12.Qd1xd8 Kxd8
13.cxb6 Ne7c6
14.e5 Bc8b7
15.Ra1d1 Ke7
16.Be3c5 Ke8
17.Nc3e4 Ra8d8
18.Ne4d6 Rd8xd6
19.Bc5xd6 Bg7f8
20.Bd6xf8 Rh8xf8
21.Nf3g5 h6
22.Ng5h7 { draw }
1/2-1/2